000 00535nam a2200217Ia 4500
003 OSt
005 20220928140729.0
006 a|||||r|||| 00| 0
007 ta
008 220927b |||||||| |||| 00| 0 eng d
024 _a11400
037 _cTextual
040 _aSDCL
_cSDCL
_beng
041 _2eng
_aeng
082 _aO-,3M82,2:g, L4
100 _aShechner Mark
_9497306
245 0 _aJoyce in Nighttown.
260 _c1974
942 _hO-,3M82,2:g, L4
_cTEXL
_2CC
999 _c813830
_d813830